| 000 | 01315nam a22004217a 4500 | ||
|---|---|---|---|
| 001 | BR6002746 | ||
| 003 | BR-BrBNA | ||
| 005 | 20230928083136.0 | ||
| 007 | ta | ||
| 008 | 230509b bl.||||| |||| 00| 0 por d | ||
| 040 |
_aBR-BrBNA _bpor _cBiblioteca Nacional de Agricultura |
||
| 041 | _a(Por) | ||
| 072 |
_aE70; S00 _b9000 _b/G514 |
||
| 090 | _ 9000 BR6002746 | ||
| 110 | 1 |
_aBanco do Nordeste do Brasil S.A., Fortaleza, CE. Depto. de Estudos Economicos do Nordeste; _91157 |
|
| 110 | 1 |
_aSuperintendencia do Desenvolvimento do Nordeste, Fortaleza, CE (Brasil). Depto. de Agricultura e Abastecimento _910125 |
|
| 245 | 1 | _aAbastecimento de generos alimenticios da cidade do Recife [Pernambuco, Brasil] | |
| 260 | 3 |
_aFortaleza, CE (Brasil): _c1962. |
|
| 300 | _a211 p. | ||
| 500 | _a30 graphs; 46 tables | ||
| 650 | _aCONSUMO ALIMENTAR | ||
| 650 | _aDEMOGRAFIA | ||
| 650 | _aRENDA | ||
| 650 | _aPADRAO DE ALIMENTO | ||
| 650 | _aABASTECIMENTO | ||
| 650 | _aARMAZENAMENTO DE ALIMENTO | ||
| 650 | _aCOMERCIALIZACAO | ||
| 650 | _aABATEDOURO | ||
| 650 | _aALIMENTO ANIMAL | ||
| 650 | _aALIMENTO VEGETAL | ||
| 650 | _aCLIMA | ||
| 650 | _aHIDROGRAFIA | ||
| 650 | _aINDUSTRIA ALIMENTICIA | ||
| 650 | _aRECIFE | ||
| 650 | _aPERNAMBUCO | ||
| 909 |
_a202309 _bLucia _c55 _dLucia Elande |
||
| 942 | _cBK | ||
| 999 |
_c11793 _d11793 |
||